00823nam a2200229 a 450000100060000000300090000600500170001500800410003201500210007302000180009404000280011204100080014008200140014810000330016224501420019526001260033730000200046349000370048350400370052065000230055785200130058025994CO-ViMGA20230915232142.0141112s2004 ck r 000 u spa d ack - 2009 - xxxx a9789587104370 aCO-ViMGAbspacCO-ViMGA aspa04a342 U63d1 aUpegui Mejía, Juan Carlos.10aDoce tesis en torno al concepto de Estado social de derecho : bdiscurso jurisprudencial, elementos, usos / cJuan Carlos Upegui Mejía. aBogotá : bUniversidad Externado de Colombia Instituto de Estudios Constitucionales Carlos Restrepo Piedrahita, c2009. a83 p. ; 21 cm. aTemas de derecho público ; 80 aIncluye notas a pie de página.14aEstado de derecho.  17648.30